Landen Europa klinker - Sudden Death - Landen met een klinker - Statistieken

Algemene statistieken
  • Deze quiz is 45 keer genomen
    17 sinds de laatste reset
  • De gemiddelde score is 5 van 8
Answers on the Grid
Answers color-coded by a green-red scale on the quiz's grid according to % correct below.
Albanië
Ierland
Egypte
Belgie
IJsland
Eritrea
Andorra
China
Estland
Italië
Afghanistan
Oekraïne
Oostenrijk
Emmen
 
Antwoordstatistieken
Antwoord % Correct
Ierland
92%
Albanië
83%
Italië
58%
Estland
58%
IJsland
58%
Oostenrijk
58%
Andorra
42%
Oekraïne
42%
Geen overeenkomende quizzen gevonden
Scoreverdeling
Procent van Mensen met Elke Score
Percentiel versus Aantal Correcte Antwoorden
Uw Scoregeschiedenis
U heeft deze quiz nog niet genomen sinds de laatste reset